Deductive logic and descriptive language / (Record no. 170162)

MARC details
000 -LEADER
campo de control de longitud fija 00685nam a2200229 i 4500
001 - NÚMERO DE CONTROL
campo de control 170162
003 - IDENTIFICADOR DE NÚMERO DE CONTROL
campo de control ES-MaACL
005 - FECHA Y HORA DE LA ÚLTIMA TRANSACCIÓN
campo de control 20230906214315.0
008 - DATOS DE LONGITUD FIJA--INFORMACIÓN GENERAL
campo de control de longitud fija 090206s1969 xxu |||| | eng d
020 ## - NÚMERO INTERNACIONAL ESTÁNDAR DEL LIBRO
Número Internacional Estándar del Libro 13-197228-6
080 ## - NÚMERO DE LA CLASIFICACIÓN DECIMAL UNIVERSAL
Número de la Clasificación Decimal Universal 16
080 ## - NÚMERO DE LA CLASIFICACIÓN DECIMAL UNIVERSAL
Número de la Clasificación Decimal Universal 81:16
100 1# - ENTRADA PRINCIPAL--NOMBRE DE PERSONA
Nombre de persona Harrison, Frank R.
9 (RLIN) 139380
245 10 - MENCIÓN DEL TÍTULO
Título Deductive logic and descriptive language /
Mención de responsabilidad, etc. Frank R. Harrison, III.
260 ## - PUBLICACIÓN, DISTRIBUCIÓN, ETC.
Lugar de publicación, distribución, etc. [London] :
Nombre del editor, distribuidor, etc. Prentice-Hall, Inc.,
Fecha de publicación, distribución, etc. 1969.
300 ## - DESCRIPCIÓN FÍSICA
Extensión X, 534 p. ;
Dimensiones 24 cm.
500 ## - NOTA GENERAL
Nota general Glosario.
500 ## - NOTA GENERAL
Nota general Índice.
650 #4 - PUNTO DE ACCESO ADICIONAL DE MATERIA--TÉRMINO DE MATERIA
Término de materia o nombre geográfico como elemento de entrada Lógica.
9 (RLIN) 14693
650 #4 - PUNTO DE ACCESO ADICIONAL DE MATERIA--TÉRMINO DE MATERIA
Término de materia o nombre geográfico como elemento de entrada Lenguaje y lógica.
9 (RLIN) 14350
852 4# - LOCALIZACIÓN
Ubicación ES-MaACL
Número de control de estantería E-12419
itemnumber R.140622
Nota libre . - Biblioteca Jacinto Martínez Lacalle
Holdings
Estatus retirado Estado de pérdida Estado de daño No para préstamo Biblioteca de origen Biblioteca actual Ubicación en estantería Fecha de adquisición Fuente de adquisición Total de préstamos Signatura topográfica completa Código de barras Visto por última vez Precio de reemplazo Tipo de ítem Koha
        Biblioteca del Ateneo de Madrid Biblioteca del Ateneo de Madrid Depósito 2 06/02/2009     E-12419 1178647 23/02/2023 23/02/2023 Libro impreso